| 000 | 00625nam a2200193 a 4500 | ||
|---|---|---|---|
| 001 | 000034884 | ||
| 005 | 20200930073949.0 | ||
| 008 | 111021s1965 pr 000 f spa d | ||
| 040 |
_aDO-SdBNP _bspa _cBNPHU |
||
| 082 |
_a863.6 _bB748t |
||
| 100 | 1 |
_aBotella Pastor, Virgilio _d1906- _960443 |
|
| 245 | 1 | 0 |
_aTal vez mañana : _b(novela) / _cV. Botella Pastor. |
| 260 |
_aParís : _b[s.n.], _c1965. |
||
| 300 | _a21 cm. | ||
| 590 | _aPerteneció a la biblioteca personal de Juan Isidro Jimenes Grullón | ||
| 650 | 4 |
_aNovela española _91123 |
|
| 650 | 4 |
_aLiteratura española _9632 |
|
| 910 | _aValidado. Control de calidad MFF | ||
| 999 |
_c34375 _d34375 |
||